书目信息 |
| 题名: |
建筑工程工程量清单计量与计价
|
|
| 作者: | 孙敬涛 , 李利斌 主编 | |
| 分册: | ||
| 出版信息: | 天津 天津大学出版社 2020.01 |
|
| 页数: | 306页 | |
| 开本: | 26cm | |
| 丛书名: | ||
| 单 册: | ||
| 中图分类: | TU723.32 | |
| 科图分类: | ||
| 主题词: | 建筑工程--jian zhu gong cheng--工程造价--高等职业教育--教材 | |
| 电子资源: | ||
| ISBN: | 978-7-5618-6359-6 | |
| 000 | 01100nam0 2200253 450 | |
| 001 | 202021192235 | |
| 005 | 20211025120131.0 | |
| 010 | @a978-7-5618-6359-6@dCNY65.00 | |
| 100 | @a20210922d2020 em y0chiy50 ea | |
| 101 | 0 | @achi |
| 102 | @aCN@b120000 | |
| 105 | @aa z 000yy | |
| 106 | @ar | |
| 200 | 1 | @a建筑工程工程量清单计量与计价@Ajian zhu gong cheng gong cheng liang qing dan ji liang yu ji jia@f主编孙敬涛, 李利斌 |
| 210 | @a天津@c天津大学出版社@d2020.01 | |
| 215 | @a306页@c图@d26cm | |
| 330 | @a本书在介绍建筑工程计价与管理基本方法的基础上, 充分考虑建筑工程计价与管理的区域性特点, 重点突出重庆地区的建筑工程计价与管理方法, 融合了相关职业资格对知识、技能和态度的要求。全书共包括22个学习情境, 内容涵盖工程量清单编制概论、房屋建筑与装饰工程工程量清单编制与计价。 | |
| 333 | @a“互联网+”新形态立体化教材 高职高专“十三五”规划教材 | |
| 606 | 0 | @a建筑工程@Ajian zhu gong cheng@x工程造价@x高等职业教育@j教材 |
| 690 | @aTU723.32@v5 | |
| 701 | 0 | @a孙敬涛@Asun jing tao@4主编 |
| 701 | 0 | @a李利斌@Ali li bin@4主编 |
| 801 | 0 | @aCN@c20210909 |
| 905 | @a河南城建学院图书馆@dTU723.32@eS926 | |
| 建筑工程工程量清单计量与计价/主编孙敬涛, 李利斌.-天津:天津大学出版社,2020.01 |
| 306页:图;26cm |
| 使用对象:“互联网+”新形态立体化教材 高职高专“十三五”规划教材 |
| ISBN 978-7-5618-6359-6:CNY65.00 |
| 本书在介绍建筑工程计价与管理基本方法的基础上, 充分考虑建筑工程计价与管理的区域性特点, 重点突出重庆地区的建筑工程计价与管理方法, 融合了相关职业资格对知识、技能和态度的要求。全书共包括22个学习情境, 内容涵盖工程量清单编制概论、房屋建筑与装饰工程工程量清单编制与计价。 |
| ● |
| 相关链接 |
|
|
|
正题名:建筑工程工程量清单计量与计价
索取号:TU723.32/S926
 
预约/预借
| 序号 | 登录号 | 条形码 | 馆藏地/架位号 | 状态 | 备注 |
| 1 | 1541357 | 215413577 | 建筑库201/201建筑库 106排6列2层/ [索取号:TU723.32/S926] | 在馆 | |
| 2 | 1541358 | 215413586 | 建筑库201/201建筑库 106排6列2层/ [索取号:TU723.32/S926] | 在馆 |